Ceux de la mer

保存先:
書誌詳細
第一著者: Serstevens, A. T. (著者)
フォーマット: 図書
言語:フランス語
出版事項: París Bernard Grasset 1937
版:1a. ed
主題:
タグ: タグ追加
タグなし, このレコードへの初めてのタグを付けませんか!

MARC

LEADER 00000nam a2200000 a 4500
001 UCJ5368
003 CL-VaPUC
008 070124e19370413FR |||||||||||||||||fre|d
082 0 4 |a 910.4  |b SER  |2 21 
100 0 |a Serstevens, A. T.  |e author  |9 510487 
245 1 0 |a Ceux de la mer 
250 |a 1a. ed 
300 |a 290 p 
942 |c BK 
945 |d 20070124 00:00:00  |a rinostro 
260 |a París  |b Bernard Grasset  |c 1937 
650 0 |a Viajes  |9 257115 
650 7 |a DIARIO  |2 CL-VaPUC  |9 441581 
650 0 |a Etnografía   |9 309735 
650 0 |a Población  |9 257577 
651 7 |a OCEANO PACIFICO  |2 CL-VaPUC  |9 262019 
651 0 |a Ecuador  |9 258378 
583 |a last modification  |c 20070124 00:00:00  |k Rodrigo Vera 
999 |c 321477  |d 321475 
952 |0 0  |1 0  |4 0  |6 910_400000000000000_SER_1937  |7 0  |8 X  |9 400236  |a FDOBUD  |b FDOBUD  |d 2019-11-22  |i 1033786  |o 910.4 SER 1937  |p 1033786  |r 2019-11-22  |w 2019-11-22  |y BK_X  |k BUD